| Tag |
First Indicator |
Second Indicator |
Subfields |
| LEADER |
00000cam a2200000 a 4500 |
| 001 |
in00000078854 |
| 005 |
20151008055129.0 |
| 008 |
800311s1979 dcub b 00010 eng d |
| 010 |
|
|
|a 79066153
|
| 020 |
|
|
|a 081910793X
|
| 035 |
|
|
|a (OCoLC)06068518
|
| 035 |
|
|
|9 AAJ2634AM
|
| 040 |
|
|
|a COO
|c COO
|d OCL
|d TXA
|d UtOrBLW
|
| 049 |
|
|
|a TXAM
|c [387619]
|
| 090 |
|
|
|a JX4473
|b .F51
|
| 100 |
1 |
|
|a Finnegan, Richard B.
|
| 245 |
1 |
0 |
|a Law and politics in the international system :
|b case studies in conflict resolution /
|c Richard B. Finnegan, Robert S. Junn, Clifton E. Wilson.
|
| 264 |
|
1 |
|a Washington, D.C. :
|b University Press of America,
|c [1979]
|
| 264 |
|
4 |
|c ©1979
|
| 300 |
|
|
|a ix, 165 pages :
|b maps ;
|c 23 cm.
|
| 336 |
|
|
|a text
|b txt
|2 rdacontent
|
| 337 |
|
|
|a unmediated
|b n
|2 rdamedia
|
| 338 |
|
|
|a volume
|b nc
|2 rdacarrier
|
| 504 |
|
|
|a Includes bibliographies.
|
| 650 |
|
0 |
|a Pacific settlement of international disputes.
|
| 650 |
|
0 |
|a Diplomatic negotiations in international disputes.
|
| 700 |
1 |
|
|a Junn, Robert S.
|
| 700 |
1 |
|
|a Wilson, Clifton E.
|
| 999 |
|
|
|a MARS
|
| 999 |
f |
f |
|s 8281c779-7925-311d-ada1-54d9ad865af0
|i 90b05638-15c0-31f7-8650-08a0b14a63ee
|t 0
|
| 952 |
f |
f |
|p ric
|a Texas A&M University
|b Rellis Campus
|c Joint Library Facility
|d Remote Storage
|t 0
|e JX4473 .F51
|h Library of Congress classification
|i unmediated -- volume
|m A14806153507
|
| 998 |
f |
f |
|a JX4473 .F51
|t 0
|l Remote Storage
|